Top 100 Most Popular Doom Metal Albums on Rate Your Music - Statistics

General Stats
  • This quiz has been taken 44 times
  • The average score is 12 of 100
Answer Stats
No. of Ratings Year of Release Sub-Genre Album % Correct
20,041 2000 Stoner Metal / Doom Metal Dopethrone
88%
10,124 1986 Epic Doom Metal Epicus Doomicus Metallicus
76%
33,262 1971 Heavy Metal / Traditional Doom Metal Master of Reality
76%
6,294 1987 Epic Doom Metal Nightfall
56%
12,441 2003 Stoner Metal / Doom Metal Dopesmoker
52%
6,874 1997 Stoner Metal / Doom Metal Come My Fanatics...
44%
8,995 1992 Stoner Metal / Doom Metal Sleep's Holy Mountain
44%
6,845 1996 Death-Doom Metal Brave Murder Day
32%
1,645 2005 Epic Doom Metal / Doom Metal / Traditional Doom Metal Candlemass
32%
2,868 1995 Doom Metal / Stoner Metal Electric Wizard
32%
2,867 1986 Traditional Doom Metal Born Too Late
28%
2,527 1989 Epic Doom Metal Tales of Creation
28%
4,736 2007 Doom Metal / Stoner Metal Witchcult Today
28%
2,558 1988 Epic Doom Metal Ancient Dreams
24%
2,766 1991 Death-Doom Metal Gothic
24%
4,994 2017 Funeral Doom Metal Mirror Reaper
24%
2,667 1984 Traditional Doom Metal Saint Vitus
24%
1,519 2017 Doom Metal / Stoner Metal Wizard Bloody Wizard
24%
3,750 1993 Death-Doom Metal / Melodic Black Metal Dance of December Souls
20%
6,690 2018 Stoner Metal / Doom Metal The Sciences
20%
4,581 1993 Death-Doom Metal Transcendence Into the Peripheral
20%
2,065 2004 Doom Metal / Stoner Metal We Live
20%
2,609 1982 NWOBHM / Traditional Doom Metal Death Penalty
16%
2,268 2022 Stoner Metal / Doom Metal Let Us Prey
16%
5,847 2006 Doom Metal Monotheist
16%
3,197 1985 Traditional Doom Metal / Heavy Metal Pentagram
16%
2,039 1987 Traditional Doom Metal / Doom Metal Pentagram
16%
3,285 1984 Traditional Doom Metal Psalm 9
16%
3,777 1993 Death-Doom Metal / Doom Metal Turn Loose the Swans
16%
2,721 2010 Stoner Metal / Doom Metal Black Masses
12%
2,527 1991 Doom Metal Forest of Equilibrium
12%
2,259 1982 Traditional Doom Metal / NWOBHM / Heavy Metal Pagan Altar
12%
2,993 2006 Funeral Doom Metal The Call of the Wretched Sea
12%
1,837 2014 Doom Metal / Stoner Metal Time to Die
12%
1,498 1990 Heavy Metal / Traditional Doom Metal Trouble
12%
6,156 2013 Heavy Metal / Traditional Doom Metal 13
8%
1,779 2014 Doom Metal Clearing the Path to Ascend
8%
1,511 2018 Doom Metal Our Raw Heart
8%
1,918 1993 Death-Doom Metal Serenades
8%
2,571 1995 Funeral Doom Metal Stormcrowfleet
8%
2,447 1994 Funeral Doom Metal Stream From the Heavens
8%
2,816 2001 Death-Doom Metal / Gothic Metal The Dreadful Hours
8%
4,132 2006 Doom Metal Watching From a Distance
8%
3,975 2011 Heavy Psych / Traditional Doom Metal Blood Lust
4%
1,614 2009 Traditional Doom Metal / Epic Doom Metal / Doom Metal Death Magic Doom
4%
2,540 1996 Doom Metal / Gothic Metal Eternity
4%
2,081 2012 Doom Metal / Sludge Metal / Drone Metal Hell III
4%
5,130 2017 Doom Metal / Gothic Rock / Doomgaze Hiss Spun
4%
1,452 2005 Doom Metal / Traditional Doom Metal II: Crush the Insects
4%
2,441 2002 Doom Metal / Traditional Doom Metal In the Rectory of the Bizarre Reverend
4%
1,855 1990 Death-Doom Metal Into Darkness
4%
2,368 1999 Stoner Metal / Doom Metal Jerusalem
4%
1,868 1996 Doom Metal / Gothic Metal Like Gods of the Sun
4%
1,653 2012 Funeral Doom Metal Longing
4%
1,804 1990 Death-Doom Metal / Death Metal Lost Paradise
4%
1,843 1992 Death-Doom Metal / Doom Metal Shades of God
4%
1,915 2004 Death-Doom Metal / Gothic Metal / Doom Metal Songs of Darkness, Words of Light
4%
3,489 1995 Doom Metal / Gothic Metal The Angel and the Dark River
4%
2,136 1993 Stoner Metal / Doom Metal The Ethereal Mirror
4%
1,608 1999 Death-Doom Metal / Gothic Metal / Doom Metal The Light at the End of the World
4%
2,496 2008 Funeral Doom Metal The Maniacal Vale
4%
1,580 2003 Death-Doom Metal The Morning Never Came
4%
1,974 2015 Gothic Metal / Doom Metal The Plague Within
4%
2,656 1995 Death-Doom Metal / Doom Metal The Silent Enigma
4%
4,107 1999 Gothic Metal / Doom Metal World Coming Down
4%
1,475 2001 Funeral Doom Metal Angels of Distress
0%
1,647 1992 Death-Doom Metal As the Flower Withers
0%
1,802 2022 Black Metal / Doom Metal / Heavy Metal Astral Fortress
0%
1,979 2017 Sludge Metal / Doom Metal Caustic
0%
2,377 2022 Doom Metal Close
0%
1,482 1992 Death-Doom Metal Clouds
0%
2,191 2010 Doom Metal Eparistera Daimones
0%
2,264 2017 Death-Doom Metal Eroded Corridors of Unbeing
0%
1,870 2021 Doom Metal / Heavy Metal Eternal Hails......
0%
2,348 2017 Death-Doom Metal / Atmospheric Black Metal Exuvia
0%
1,498 2009 Gothic Metal / Doom Metal Faith Divides Us - Death Unites Us
0%
1,682 2021 Death-Doom Metal / Death Metal Foreverglade
0%
1,471 2009 Atmospheric Black Metal / Death-Doom Metal Foulest Semen of a Sheltered Elite
0%
2,121 2014 Doom Metal Foundations of Burden
0%
1,466 2015 Funeral Doom Metal Four Phantoms
0%
4,078 2009 Death Metal / Death-Doom Metal Hatred for Mankind
0%
2,053 2017 Doom Metal Heartless
0%
2,106 2014 Sludge Metal / Doom Metal Heathen
0%
1,727 2018 Doom Metal / Sludge Metal Magus
0%
2,473 2014 Doom Metal Melana Chasmata
0%
1,805 1999 Funeral Doom Metal Metamorphogenesis
0%
1,679 2013 Doom Metal / Post-Metal More Constant Than the Gods
0%
1,454 1997 Death-Doom Metal Rain Without End
0%
1,664 2010 Sludge Metal / Doom Metal Satan Worshipping Doom
0%
4,536 1991 Doom Metal / Gothic Metal Slow, Deep and Hard
0%
1,560 1997 Folk Metal / Doom Metal Songs of Moors and Misty Fields
0%
2,430 2012 Traditional Doom Metal Sorrow and Extinction
0%
1,810 2024 Death-Doom Metal Sparagmos
0%
1,627 2023 Sludge Metal / Doom Metal Suffocating Hallucination
0%
2,583 2019 Atmospheric Sludge Metal / Doom Metal Syntheosis
0%
1,445 2023 Death-Doom Metal / Doom Metal The Coral Tombs
0%
1,548 1992 Gothic Metal / Doom Metal The Origin of the Feces: Not Live at Brighton Beach
0%
1,630 1997 Funeral Doom Metal The Pernicious Enigma
0%
1,704 2021 Atmospheric Black Metal / Doom Metal The Thule Grimoires
0%
1,889 1991 Doom Metal / Sludge Metal Volume One
0%
No matching quizzes found
Score Distribution
Percent of People with Each Score
Percentile by Number Answered
Your Score History
You have not taken this quiz